00185nam a2200073Ia 4500008004100000100002100041245002800062260002100090180219s9999 xx 000 0 und d aKumari L Lakshmi 0aTeachniques Of Teaching aNew Delhi Sonali